transcontinental countries - Statistics

General Stats
  • This quiz has been taken 29 times
  • The average score is 13 of 15
Answer Stats
Hint Answer % Correct
au australia
100%
fr france
100%
ru russia
100%
tr turkey
96%
kz kazakhstan
91%
gb uk
91%
us usa
91%
dk denmark
87%
no norway
87%
az azerbaijan
83%
eg egypt
83%
id indonesia
78%
am armenia
74%
ge georgia
74%
nl netherlands
74%
No matching quizzes found
Score Distribution
Percent of People with Each Score
Percentile by Number Answered
Your Score History
You have not taken this quiz